000 00801nam a2200265Ia 4500
003 OSt
005 20221005053138.0
006 a|||||r|||| 00| 0
007 ta
008 221004b |||||||| |||| 00| 0 eng d
020 _a9781856044882 (hbk)
_c3440.09
024 _a89760
037 _b8961, 14/03/2007, Overseas Press
_cTextual
040 _aCRL
_cCRL
_beng
041 _2eng
_aeng
082 _a2:b6, P6
100 _aMarkless Sharon
_937276
245 0 _aEvaluating the impact of your library
260 _aLondon
_bFacet UK
_c2006
300 _axviii, 170p.
_ccm.
650 _aLIBRARY SCIENCE
700 _a Streatfield David
_937277
942 _h2:b6, P6
_cTEXL
_2cc
999 _c961511
_d961511